000 00625nam a22001937a 4500
005 20251108165524.0
008 250721s1970 xx 000 0 ara d
082 1 4 _aم/910.3/و
100 1 _aعنبتاوي، وصفي
245 1 0 _aالاسماء الجغرافية في الأردن و فلسطين /
264 1 _aعمان :
_bاللجنه الاردنيه للتعريب،
_c1970.
300 _a107ص0
650 1 7 _aالأسماء الجغرافيه
650 1 7 _aمعاجم البلدان
700 1 _aنقولا، قسطندي
700 1 _aدره، عبد الباري
942 _2ddc
_cREF
999 _c29896
_d29896